| 000 | 01458cad a22002655a 4500 | ||
|---|---|---|---|
| 001 | L138130 | ||
| 008 | 070518s2007 xxko f 000 0 eng d | ||
| 035 | _a(Sirsi) u138130 | ||
| 041 | 0 | _aeng | |
| 050 | 0 | 4 | _a711.58 $2 18 |
| 110 | 2 |
_aSport England _93763 |
|
| 245 | 0 | 0 |
_aActive design _bpromoting opportunities for sport and physical activity through good design _h[electronic resource] |
| 260 |
_aLondon _bSport England _c2007 |
||
| 520 | _aPromotes ease of access to sport and activity-based facilities for future communities. Provides guidance for master planners and urban designers. Guidance is focused on three main factors: accessibility of facilities, environmental quality around those amenities, and enhanced awareness of the availability of the facilities. These are applied within the context of everyday life, informal recreation, and formal sports and leisure activities. Factors addressed include housing, transport, and town and open space planning. | ||
| 590 | _aKA | ||
| 650 | 2 | 4 | _aPLANNING POLICY STATEMENT ONE |
| 650 | 2 | 4 | _aPLANNING POLICY STATEMENT 3 |
| 650 | 2 | 4 | _aPLANNING POLICY STATEMENT 6 |
| 650 | 2 | 4 | _aPLANNING POLICY STATEMENT 15 |
| 650 | 2 | 4 | _aPLANNING POLICY STATEMENT 22 |
| 651 | 4 |
_aEngland and Wales _y1543- |
|
| 690 |
_aPlanning and development _96259 |
||
| 856 | 4 | 0 |
_uhttps://www.sportengland.org/planning_active_design _zView the item free of charge at www.sportengland.org/planning_active_design... |
| 942 | _n0 | ||
| 999 |
_c107014 _d107014 |
||